00298nam a2200109Ia 4500008004000000082001500040100002400055245004200079260004100121300000800162650001800170210210b1994 xxu||||| |||| 00| 0 eng d a181.4 KARV aKARIKAL (Shivaram). aVedic thought and Western psychology. aMangalorebArathi Publicationsc1994 a150 aVedic Thought